000 02213nam0a2200373 4500
001 RU\NLR\BIBL_A\016271421
005 20230315152900.0
010 _a978-5-907465-19-0
_98338
021 _aRU
_bКН-П-22-091448
_9КН-П-22-8137
035 _a(NLR Aleph) 016271421
035 _a(RuMoRGB)011492259
090 _a12887489
_c12887489
100 _a20230127d2022 u y0rusy50 ca
101 0 _arus
102 _aRU
105 _aa z 000ay
181 0 _ai
_baxxe
182 0 _an
200 1 _aРеальное свидетельство
_fГалина Яромич
203 _aТекст
_bвизуальный
_cнепосредственный
210 _aСанкт-Петербург
_cСидрович
_cОлексенко А. А.
_d2022
215 _a205, [3] с.
_cил., цв. ил.
_d21
300 _aНа 4-й с. обл. авт.: Яромич Г. Н., филолог, преподаватель
320 _aДр. кн. авт. на 4-й с. обл.
330 _aКнига "Реальное свидетельство" приглашает читателей в путешествие во времени. Это книга про ушедшее детство, про семейные традиции, про то, что у каждого они свои, особенные. и как повезло тем, у кого они есть. Ведь у каждого взрослого было детство, у каждого оно было незабываемым, неповторимым... Книга о грустных, забавных и трогательных моментах, которые позволяют стать сопричастным, остановить мгновение, дают читателю возможность вспомнить свою жизнь и знакомые мостики из прошлого в настоящее
333 _a12+
675 _a821.161.1-31
_v4
686 2 _aШ6(2=Р)8-440.5
700 1 _aЯромич
_bГ. Н.
_gГалина Николаевна
942 _cBOOK
980 _aNB